| 000 | 00990cam a2200277 a 4500 | ||
|---|---|---|---|
| 001 | 690880 | ||
| 003 | NUST - PNEC | ||
| 005 | 20170116181051.0 | ||
| 008 | 960806s1997 enka b 001 0 eng | ||
| 010 | _a 96027718 | ||
| 020 | _a0077093178 (pbk. : alk. paper) | ||
| 040 |
_aDLC _cLIBRARY _dDLC |
||
| 050 | 0 | 0 |
_aTJ223.P76 _bC75 1997 |
| 082 | 0 | 0 |
_a629.8/9 _220 |
| 100 | 1 |
_aCrispin, Alan J., _d1959- |
|
| 245 | 1 | 0 |
_aProgrammable logic controllers and their engineering applications / _cAlan J. Crispin. |
| 250 | _a2nd ed. | ||
| 260 |
_aLondon ; _aNew York : _bMcGraw-Hill, _cc1997. |
||
| 300 |
_axii, 164 p. : _bill. ; _c25 cm. |
||
| 500 | _a"Incorporating IEC 1131-3 standard"--Cover. | ||
| 504 | _aIncludes bibliographical references and index. | ||
| 650 |
_aMS Control _911882 _xMScon |
||
| 906 |
_a7 _bcbc _corignew _d1 _eocip _f19 _gy-gencatlg |
||
| 942 |
_2ddc _cBK |
||
| 999 |
_c68392 _d68392 |
||